000 00607nam a2200229Ia 4500
008 180523s9999 xx 000 0 und d
020 _a81-7224-808-3
050 _aMAIN HF 5383
050 _b.F45 1996
100 _aFein, Richard.
245 0 _aCover letters! Cover letters! Cover letters! /
245 0 _cby Richard Fein.
250 _a2nd Edition
260 _aNew Delhi :
260 _bJaico Publishing,
260 _c1996
300 _a190 pages :
300 _c25 cm.
500 _aIncludes bibliographical references and index.
650 _aCover letters.
650 _xJob hunting.
999 _c357010
_d357010